MARC

LEADER 00000nam0a2200000 4500
001 136665
005 20231101220632.0
020 |a RU  |b 85-99736 
035 |a (RuTPU)RU\TPU\book\148115 
090 |a 136665 
100 |a 20080424d1985 m y0rusy5003 ca 
101 0 |a rus 
102 |a RU 
105 |a a z 000ab 
200 1 |a Три цвета времени  |e Роман в 4-х ч.  |f А. К. Виноградов  |g авт. предисл. М. Горький ; худож. Е. Муханова 
210 |a Москва  |c Правда  |d 1985 
215 |a 639 с.  |c ил.  |d 20 см 
600 1 |a Стендаль  |c настоящее имя и фамилия Анри Мари Бейль  |c французский писатель  |f 1783-1842  |2 stltpush  |3 (RuTPU)RU\TPU\pers\442  |9 217 
610 1 |a Писатели французские 
610 1 |a 19 век 
610 1 |a романы 
675 |a Р2  |z rus 
700 1 |a Виноградов  |b А. К.  |g Анатолий Корнелиевич  |4 070 
702 1 |a Горький  |b М.  |g Максим  |4 080 
702 1 |a Муханова  |b Е.  |g Елена  |4 440 
702 1 |a Горький  |b М.  |c настоящая фамилия Пешков  |c русский писатель  |c публицист  |f 1868-1936  |g Максим  |2 stltpush  |3 (RuTPU)RU\TPU\pers\1037  |9 460 
801 0 |a RU  |b RuMRKP  |c 19950704  |g psbo 
801 1 |a RU  |b 63413507  |c 20080424  |g PSBO 
801 2 |a RU  |b 63413507  |c 20180212  |g PSBO 
942 |c BK